Caiaphas (Registro nro. 46970)
[ vista simple ]
| 000 -LÍDER | |
|---|---|
| Campo fijo de descripción fija | 011580000a22003130004500 |
| 001 - NÚMERO DE CONTROL | |
| Campo de control | 20619 |
| 003 - IDENTIFICADOR DEL NÚMERO DE CONTROL | |
| Campo de control | CO-MdFUSB |
| 005 - FECHA Y HORA DE LA ULTIMA TRANSACCIÓN | |
| control field | 20180622072544.0 |
| 008 - ELEMENTOS DE LONGITUD FIJA -- INFORMACIÓN GENERAL | |
| Campo fijo de descripción fija -- Información general | 160825t2013 xxuao||f |||| 00| 0 eng d |
| 020 ## - NÚMERO INTERNACIONAL NORMALIZADO PARA LIBROS | |
| Número Internacional Normalizado del libro | 978-0-8006-9940-6 |
| 040 ## - FUENTE DE CATALOGACIÓN | |
| Agencia de catalogación original | Co-MdFUSB |
| Idioma de catalogación | Español |
| Agencia que realiza la transcripción | CO-MdFUSB |
| Agencia que realiza la modificación | CO-MdFUSB |
| 041 ## - CÓDIGO DE IDIOMA | |
| Código de idioma para texto/pista de sonido o título separado | eng |
| 082 ## - NÚMERO DE CLASIFICACIÓN DECIMAL DEWEY | |
| Número de la edición del Dewey | 24 |
| Número de clasificación | 296.495 |
| Clave de autor-Numero de item | R371c |
| 100 1# - ASIENTO PRINCIPAL--NOMBRE PERSONAL | |
| Nombre personal | Reinhartz, Adele |
| Fechas asociadas con el nombre | autor |
| 245 10 - TÍTULO | |
| Título del Material | Caiaphas |
| Parte restante del título - Subtitulo | : The high priest |
| Mención de responsabilidad, etc. | / Adele Reinhartz |
| 264 ## - PRODUCCIÓN, PUBLICACIÓN, DISTRIBUCIÓN, MANUFACTURA, Y COPYRIGHT | |
| Lugar de producción, publicación, distribución, manufactura | Minneapolis, Minnesota : |
| Nombre del productor, publicador, distribuidor | Fortress Press, |
| Fecha de producción, publicación, distribución, manufactura, o copyright | 2013 |
| 300 ## - DESCRIPCIÓN FÍSICA | |
| Extensión | 254 páginas |
| 336 ## - TIPO DE CONTENIDO | |
| Fuente | rdacontent |
| Término de tipo de contenido | |
| Código de tipo de contenido | |
| 337 ## - TIPO DE MEDIO | |
| Fuente | rdamedia |
| Nombre del tipo de medio | |
| Código del tipo de medio | |
| 338 ## - TIPO DE SOPORTE | |
| Fuente | rdacarrier |
| Nombre del tipo de soporte | |
| Código Tipo de soporte | |
| 490 ## - MENCIÓN DE SERIE | |
| Mención de serie | Studies on personalities in the New Testament |
| 500 ## - NOTA GENERAL | |
| Nota General | Incluye índices (p. 241-254) |
| 501 ## - NOTA DE “CON” | |
| Nota de Contenido | Rústico |
| 505 00 - NOTA DE CONTENIDO | |
| Nota de contenido con formato preestablecido | Caifás en contexto - Caifás en el Nuevo Testamento - Caifás en la imaginación de los cristianos primitivos - Caifás en literatura - Caifás en el escenario - Caifás en la pantalla - Caifás en historiografía - Caifás en historia - Cara a cara con Caifás |
| 653 ## - TÉRMINO DE INDIZACIÓN - NO CONTROLADO | |
| Término no controlado | Priests -- Jewish |
| 653 ## - TÉRMINO DE INDIZACIÓN - NO CONTROLADO | |
| Término no controlado | Sacerdotes judíos |
| 942 ## - TIPO DE MATERIAL (KOHA) | |
| Tipo de Item KOHA | Libros General |
| Estado de Material | Estado de Perdido | Forma de Clasificación | Estado de Dañado | No para Préstamo | Colección | Tomo | Biblioteca de Origen | Biblioteca Permanente | Fecha de Adquisición | Total de Préstamos | Total de Renovaciones | Signatura Topográfica | Código de Barras | Última vez visto | Última vez Préstado | Ejemplar/Existencia | Fecha de Remplazo | Tipo de Material |
|---|---|---|---|---|---|---|---|---|---|---|---|---|---|---|---|---|---|---|
| Dewey Decimal Classification | Colección General | Biblioteca FUSBC | Biblioteca FUSBC | 10/08/2015 | 1 | 1 | G 296.495 R371c | 20264 | 14/06/2023 | 09/06/2023 | Ej. 1 | 26/01/2016 | Libros General |
